000 00988nam a2200241 a 4500
001 000038641
003 DO-SdBNP
005 20220810134807.0
007 ta
008 130417s2005 dr ac 000 0 spa d
040 _aDO-SdBNP
_bspa
_cBNPHU
082 4 _a320.97293
_bR426a
_222
110 1 _aRepública Dominicana.
_bPresidencia de la República.
_b Dirección de Información y Prensa de la Presidencia
_964974
245 1 0 _aUn año de modernidad y progreso :
_bmemorias 2005.
260 _aSanto Domingo :
_bDirección de Información y Prensa de la Presidencia,
_c2005.
300 _a396 p. :
_bil., retrs. ;
_c30 cm.
590 _aInventariado, 2018/LP
650 4 _aPoder ejecutivo
_zRepública Dominicana
_xMemorias e informes
_964975
651 4 _aRepública Dominicana
_xPolítica y gobierno
_xMemorias e informes
_964976
651 4 _aRepública Dominicana
_xAdministración pública
_xMemorias e informes
_91286
910 _aValidado. Control de calidad EMS.
942 _2ddc
_cLBS1
999 _c38131
_d38131